|
|
|
|
| LEADER |
00000naa2a2200000 4500 |
| 001 |
683229 |
| 005 |
20251203114807.0 |
| 090 |
|
|
|a 683229
|
| 100 |
|
|
|a 20251119d2025 k||y0rusy50 ca
|
| 101 |
0 |
|
|a rus
|
| 102 |
|
|
|a RU
|
| 135 |
|
|
|a drcn ---uucaa
|
| 200 |
1 |
|
|a Плазмохимический синтез и исследование наноструктурных топливных оксидных композиций для атомной энергетики с замкнутым ядерным топливным циклом
|f А. Г. Каренгин, А. А. Каренгин, И. Ю. Новоселов, Д. М. Беляков
|
| 320 |
|
|
|a Список литературы: 2 назв
|
| 336 |
|
|
|a Текстовый файл
|
| 463 |
|
1 |
|0 682852
|9 682852
|t Физико-технические проблемы в науке, промышленности и медицине
|o сборник тезисов докладов XII Международной научно-практической конференции, г. Томск, 10–12 сентября 2025 г.
|c Томск
|d 2025
|n Изд-во ТПУ
|u conference_tpu-2025-C49.pdf
|v С. 114-115
|
| 545 |
1 |
|
|a Инновационные технологии и материалы
|
| 610 |
1 |
|
|a труды учёных ТПУ
|
| 610 |
1 |
|
|a электронный ресурс
|
| 610 |
1 |
|
|a оксидное ядерное топливо
|
| 610 |
1 |
|
|a теплофизические расчеты
|
| 610 |
1 |
|
|a плазмохимический синтез
|
| 701 |
|
1 |
|a Каренгин
|b А. Г.
|c физик
|c доцент Томского политехнического университета, кандидат физико-математических наук
|f 1950-
|g Александр Григорьевич
|9 10751
|
| 701 |
|
1 |
|a Каренгин
|b А. А.
|c физик
|c инженер-исследователь Томского политехнического университета
|f 1989-
|g Алексей Александрович
|9 16818
|
| 701 |
|
1 |
|a Новоселов
|b И. Ю.
|c специалист в области ядерных технологий
|c cтарший преподаватель Томского политехнического университета
|f 1989-
|g Иван Юрьевич
|9 16383
|
| 701 |
|
1 |
|a Беляков
|b Д. М.
|
| 801 |
|
0 |
|a RU
|b 63413507
|c 20251119
|
| 850 |
|
|
|a 63413507
|
| 856 |
|
4 |
|u http://earchive.tpu.ru/handle/11683/133355
|z http://earchive.tpu.ru/handle/11683/133355
|
| 942 |
|
|
|c CF
|